000 00717nam a22002057a 4500
005 20100806110938.0
010 _aENG-98182
020 _a8190819923
_c100.00
035 _aEN-81715
037 _bDBAD/PUB
082 _a512.89
100 _aSivakumar, S.
_9668
245 _aVector analysis /
_cS. Sivakumar
260 _aBhuvanagiri
_bS. Velu Publishers
_c2009
270 _a1, South Street, Adhivaraganatham,
_bBhuvanagiri
_e608601
300 _a108p.
_c25cm (pbk)
500 _aIncludes bibliographical references
942 _2ddc
_cEN
_h512.89
_mSIV
999 _c39627
_d39627